=LDR 00000nam 2200000 4500 =001 INLIS000000000030307 =005 20130612132449 =008 ***********************************ind** =035 ##$$0010-061300000030307 =041 ##$$a ind =082 ##$$a 615.14 =090 ##$$a 615.14, Sya i =100 ##$$a Syamsuni, H.A =245 ##$$a Ilmu Resep, H.A. Syamsuni =260 ##$$a 2006 $b Jakarta =300 ##$$a xxvii, 358 hlm., 21 cm =650 ##$$a Obat, Resep =850 ##$$a NBPNMAT =990 ##$$a 21400613/BPAP-NTB/20142014 =990 ##$$a 21601684/BPAP-NTB/2017 =990 ##$$a 20801438 =990 ##$$a 21601684/BPAP-NTB/2017